Word Scramble 4-Letter A-words - Statistics

General Stats
  • This quiz has been taken 37 times
    10 since last reset
  • The average score is 12 of 12
Answer Stats
Answer % Correct
able
100%
aces
100%
ache
100%
acne
100%
acre
100%
adds
100%
afar
100%
aged
100%
ages
100%
ahem
100%
aims
100%
airs
100%
airy
100%
akin
100%
alas
100%
ally
100%
aloe
100%
also
100%
alto
100%
amen
100%
ammo
100%
amor
100%
amps
100%
anew
100%
anon
100%
anti
100%
ants
100%
apes
100%
apps
100%
aqua
100%
arch
100%
area
100%
aria
100%
arid
100%
arms
100%
army
100%
arts
100%
asks
100%
atom
100%
atop
100%
aunt
100%
aura
100%
auto
100%
avid
100%
away
100%
axel
100%
axes
100%
axis
100%
axle
75%
acid
0%
aide
0%
ante
0%
apex
0%
arcs
0%
No matching quizzes found
Score Distribution
Percent of People with Each Score
Percentile by Number Answered
Your Score History
You have not taken this quiz since the last reset